Animaux en D - Statistiques

Statistiques générales
  • Ce quiz a été pris 212 fois
    165 depuis la dernière actualisation
  • Le résultat moyen est 8 sur 76
Statistiques - réponses
hint answers % Correct
36 Dindon
80%
35 Dinde
78%
15 Dauphin
68%
62 Dromadaire
68%
48 Dodo
62%
4 Daim
47%
53 Dorade
46%
5 Dalmatien
43%
39 Dinosaure
43%
38 Dingo
32%
47 Doberman
26%
37 Dindonneau
23%
29 Diable
20%
41 Diplodocus
19%
56 Doryphore
17%
2 Dada
11%
28 Dhole
10%
66 Drosophile
10%
7 Daman
9%
21 Demoiselle
9%
70 Dugong
9%
22 Dendrobate
8%
69 Duc
8%
8 Damier
7%
34 Dilophosaure
7%
61 Drill
7%
33 Dik-dik
6%
49 Don
5%
6 Dalmatienne
4%
13 Dasyure
4%
24 Dendrolague
4%
10 Dard
3%
27 Desman
3%
43 Dipneuste
3%
54 Doree
3%
63 Drome
3%
65 Dronte
3%
3 Daguet
2%
57 Douroucouli
2%
59 Dragonnet
2%
75 Dytique
2%
14 Daubenet
1%
23 Dendrocygne
1%
31 Diamant
1%
32 Dickcissel
1%
42 Diploure
1%
44 Discoglosse
1%
45 Dishley
1%
46 Diuca
1%
50 Donacospize
1%
51 Donax
1%
52 Donzelle
1%
55 Dormilon
1%
64 Drongo
1%
67 Dryade
1%
72 Durbec
1%
74 Dysdere
1%
1 Dactylethre
0%
9 Danubien
0%
11 Darde
0%
12 Daspletosaure
0%
16 Dauw
0%
17 Decticelle
0%
18 Dectique
0%
19 Demi-bec
0%
20 Demi-deuil
0%
25 Dentale
0%
26 Dermeste
0%
30 Diablotin
0%
40 Dinotherium
0%
58 Douve
0%
60 Drahthaar
0%
68 Drypte
0%
71 Dugue
0%
73 Durham
0%
76 Dzo
0%
Aucun quiz correspondant
Distribution des résultats
% des personnes avec chaque résultat
Percentile par nombre de réponses
Votre historique - résultats
Vous n’avez pas pris ce quiz depuis la dernière actualisation